000 00528cab a2200217 4500
001 WB3513-12
008 090401t1999 xxu||||| |||| 00| 0 eng d
035 _a(Sirsi) u92597
041 _aeng
245 _aCanary Wharf
260 _c1999
350 _a0
490 _aEuroProperty
_vApril 1999, 22-23(1)
520 _aProfile of the Canary Wharf development.
650 _aCANARY WHARF
650 _aFLOTATIONS
650 _aPROFILES
690 _aPROPERTY-COMMERCIAL PROPERTY
942 _n0
948 _c07/04/1999
999 _c58683
_d58683